ბათუმის შოთა რუსთაველის სახელმწიფო უნივერსიტეტის ბიბლიოთეკა

თხზულებანი : სრული კრებული 7 ტომად. ლექსები (ბიბ.ჩანაწერი № 48728)

000 -LEADER
fixed length control field 00880nam a2200217Ia 4500
001 - CONTROL NUMBER
control field 15628
003 - CONTROL NUMBER IDENTIFIER
control field GE_BSU
008 - FIXED-LENGTH DATA ELEMENTS--GENERAL INFORMATION
fixed length control field 181216s||||||||xx |||||||||||||| ||und||
040 ## - CATALOGING SOURCE
Transcribing agency GE_BSU
100 ## - MAIN ENTRY--PERSONAL NAME
Personal name წერეთელი, ა.
245 ## - TITLE STATEMENT
Title თხზულებანი : სრული კრებული 7 ტომად. ლექსები
245 ## - TITLE STATEMENT
Statement of responsibility, etc. ა. აბაშელის და პ. ინგოროყვას რედაქტორობით.
260 ## - PUBLICATION, DISTRIBUTION, ETC.
Place of publication, distribution, etc. თბილისი
260 ## - PUBLICATION, DISTRIBUTION, ETC.
Name of publisher, distributor, etc. სახელგამი
260 ## - PUBLICATION, DISTRIBUTION, ETC.
Date of publication, distribution, etc. 1940
300 ## - PHYSICAL DESCRIPTION
Extent 888გვ.2ფ.პორტრ. და ავტოგრ.
300 ## - PHYSICAL DESCRIPTION
Dimensions დანართი სარჩევი და ანბანური საძიებ. გვ.866-887
653 ## - INDEX TERM--UNCONTROLLED
Uncontrolled term თხზულებანი
653 ## - INDEX TERM--UNCONTROLLED
Uncontrolled term ლექსები
942 ## - ADDED ENTRY ELEMENTS (KOHA)
Koha item type წიგნი
ეგზემპლარები
Withdrawn status Lost status Damaged status Not for loan Date acquired Barcode Date last seen Price effective from Koha item type
        2018-12-17 38905 2018-12-17 2018-12-17 წიგნი